| 000 | 01084nam a2200289 a 4500 | ||
|---|---|---|---|
| 001 | BRL_377 | ||
| 005 | 20190320210718.0 | ||
| 008 | 050813s19uu----mx-ao#####---#000-0#spa-# | ||
| 041 | _aspa | ||
| 044 | _amx | ||
| 050 | 4 |
_aNK845.S56 _b.A77 1900 |
|
| 245 | 1 | 0 |
_aLa artesanía en Sinaloa _cestudio preliminar: Porfirio Martínez Peñalosa ; dibujos Alberto Beltrán ; fotografías Milosh Trnka, Oscar Torrero. |
| 260 |
_aSinaloa _bGobierno del Estado de Sinaloa, Dirección de Investigación y Fomento de Cultura Regional _c[19--] |
||
| 300 |
_a88 p. _bil. (algunas a color) _c21 cm. |
||
| 440 | 0 |
_aRescate y divulgación _923231 |
|
| 500 | _aAu900 | ||
| 500 | _aDesprendimiento de la primera pagina. | ||
| 650 | 1 | 4 |
_aArte popular _zSinaloa (México) _923705 |
| 650 | 1 | 4 |
_aArtesanías _zSinaloa (México) _923706 |
| 650 | 1 | 4 |
_aArte decorativo _zSinaloa (México) _923707 |
| 700 | 1 |
_aMartínez Peñaloza, Porfirio _91788 |
|
| 700 | 1 |
_aBeltrán, Alberto _eil. _99572 |
|
| 700 | 1 |
_aTrnka, Milosh _eil. _923708 |
|
| 700 | 1 |
_aTorrero, Oscar _eil. _923709 |
|
| 902 | _aGRL | ||
| 942 |
_2lcc _cB |
||
| 999 |
_c9190 _d9190 |
||